| 000 | 00708nam a2200229 a 4500 | ||
|---|---|---|---|
| 003 | AR-BaBNM | ||
| 005 | 20251128203422.0 | ||
| 008 | 082120s2002 ||||||||||||||000 | spa|| | ||
| 040 | _cAR-BaBNM | ||
| 100 | 0 | _aGonzález Porto-Bompiani | |
| 245 | 0 | 0 |
_aDiccionario literario de obras y personajes de todos los tiempos y de todos los países _n2 |
| 260 |
_aBarcelona _bMontaner y Simón _c[19--] |
||
| 300 |
_a912 p. _bil., láms. |
||
| 500 | _aEl presente volúmen abarca A-CAO de obras literarias | ||
| 500 | _aLos artículos están firmados por sus autores | ||
| 650 | 4 | _aDICCIONARIOS | |
| 650 | 4 | _aLITERATURA | |
| 650 | 4 | _aOBRAS LITERARIAS | |
| 655 | _aREFERENCIA | ||
| 942 | _cBK | ||
| 998 | _claura | ||
| 999 |
_c3305 _d3305 |
||